Η διαπολιτισμική ευαισθητοποίηση των εκπαιδευτικών στην πρωτοβάθμια εκπαίδευση : μια αναστοχαστική οπτική ; διπλωματική εργασία [μεταπτυχιακή εργασία]
Saved in:
| Main Author: | |
|---|---|
| Corporate Author: | |
| Other Authors: | |
| Format: | Thesis Book |
| Language: | Greek |
| Published: |
2017.
|
| Subjects: | |
| Online Access: | http://hdl.handle.net/11610/22597 |
| Tags: |
Add Tag
No Tags, Be the first to tag this record!
|
MARC
| LEADER | 00000cam a2200000 a 4500 | ||
|---|---|---|---|
| 001 | 1/114957 | ||
| 008 | 170919s2017####gr | ||| |||| ||gre|| | ||
| 040 | |a GR-MyUa |b gre |c GR-MyUa |e AACR2 | ||
| 041 | 0 | |a gre | |
| 082 | 7 | |a 370.117 |2 (23) | |
| 100 | 1 | |a Χρανιώτη, Ναταλία. | |
| 245 | 1 | 0 | |a Η διαπολιτισμική ευαισθητοποίηση των εκπαιδευτικών στην πρωτοβάθμια εκπαίδευση : |b μια αναστοχαστική οπτική ; διπλωματική εργασία [μεταπτυχιακή εργασία] / |c Χρανιώτη Ναταλία ; επιβλέπουσα καθηγήτρια: Αρβανίτη Ευγενία. |
| 260 | |c 2017. | ||
| 300 | |a 249 σ. : |b πίν., διαγρ. ; |c 30 εκ. | ||
| 500 | |a Υπάρχει ψηφιακό αντίγραφο. | ||
| 500 | |a Μέλη εξεταστικής επιτροπής: Βιτσιλάκη Χρυσή, Γκασούκα Μαρία. | ||
| 502 | |a Διατριβή (μεταπτυχιακή) – Πανεπιστήμιο Αιγαίου, Ρόδος, 2017. | ||
| 504 | |a Βιβλιογραφία: σ. 155-183. | ||
| 506 | 1 | |a Πλήρες κείμενο - Ελεύθερη δημοσίευση - Κλειδωμένη η δυνατότητα αντιγραφής. | |
| 650 | 0 | |a Multicultural education |z Greece. | |
| 650 | 0 | |a Education, Bilingual |z Greece. | |
| 650 | 0 | |a Multicultural education |x Cross-cultural studies. | |
| 650 | 0 | |a Teachers |x Attitudes. | |
| 650 | 0 | |a Elementary school teachers |x Attitudes. | |
| 700 | 0 | |a Αρβανίτη, Ευγενία, |e dgsf | |
| 710 | 2 | |a Πανεπιστήμιο Αιγαίου |b Σχολή Ανθρωπιστικών Επιστημών |b Τμήμα Επιστημών της Προσχολικής Αγωγής και του Εκπαιδευτικού Σχεδιασμού |b Πρόγραμμα Μεταπτυχιακών Σπουδών Νέες Μορφές Εκπαίδευσης και Μάθησης. | |
| 852 | |a INST |b RHODES |c DIATR |e 20170919 |h 370.117 ΧΡΑ |p 005400039509 |q 005400039509 |t MTXE |y 23 | ||
| 856 | |u http://hdl.handle.net/11610/22597 | ||
| 924 | |a Χρανιώτη |b Ευγενία |y Ρόδος |z 2017-06 | ||
| 970 | |z 19-09-2017 | ||